[Event "Florianopolis op 8th"]
[Site "Florianopolis"]
[Date "2022.01.27"]
[Round "5"]
[White "Arruda Filho, Ivo Pereira de"]
[Black "Da Silva, Anderson Lemes"]
[Result "0-1"]
[WhiteElo "1755"]
[BlackElo "1932"]
[PlyCount "74"]
[EventDate "2022.01.24"]
[EventType "swiss"]
[EventRounds "10"]
[EventCountry "BRA"]
[SourceTitle "CBM 206 Extra"]
[Source "ChessBase"]
[SourceDate "2022.03.31"]
[SourceVersion "1"]
[SourceVersionDate "2022.03.31"]
[SourceQuality "1"]

1. Nf3 Nf6 2. d4 c5 3. g3 cxd4 4. Nxd4 e5 5. Nf3 Nc6 6. Bg2 d5 7. 0-0 Be6 8. Bg5 Be7 9. e3 Qd7 10. Re1 h6 11. Bxf6 Bxf6 12. c3 Rd8 13. Qa4 0-0 14. Nbd2 Bh3 15. Bh1 b5 16. Qc2 e4 17. Nd4 Ne5 18. a4 Nd3 19. axb5 Nxe1 20. Rxe1 Bxd4 21. exd4 Qxb5 22. Bg2 Bxg2 23. Kxg2 Rb8 24. b3 Rfc8 25. c4 Qb4 26. Re3 f5 27. f4 a5 28. h4 Rb7 29. Kh3 Qa3 30. Qc3 a4 31. Qa5 Qc1 32. Qxd5+ Rf7 33. Re2 Qd1 34. Rg2 axb3 35. Qb5 Qh1+ 36. Rh2 Qg1 37. Qxb3 g5 0-1

[Event "Florianopolis op 8th"]
[Site "Florianopolis"]
[Date "2022.01.25"]
[Round "3"]
[White "Santillan, Julian"]
[Black "Da Silva, Anderson Lemes"]
[Result "0-1"]
[WhiteElo "1599"]
[BlackElo "1932"]
[PlyCount "56"]
[EventDate "2022.01.24"]
[EventType "swiss"]
[EventRounds "10"]
[EventCountry "BRA"]
[SourceTitle "CBM 206 Extra"]
[Source "ChessBase"]
[SourceDate "2022.03.31"]
[SourceVersion "1"]
[SourceVersionDate "2022.03.31"]
[SourceQuality "1"]

1. f4 d5 2. Nf3 c5 3. g3 Nc6 4. Bg2 Nf6 5. 0-0 e6 6. d3 Be7 7. Qe1 Qb6 8. Kh1 Bd7 9. e4 dxe4 10. dxe4 h5 11. Nh4 Nd4 12. Na3 Bb5 13. c4 Bc6 14. f5 e5 15. b3 0-0-0 16. Bg5 Qb4 17. Qxb4 cxb4 18. Nb5 Nxb5 19. cxb5 Bxb5 20. Rfc1+ Kb8 21. Nf3 Bd6 22. Rab1 Rc8 23. Nd2 Bd3 24. Rxc8+ Rxc8 25. Rd1 Ng4 26. Re1 f6 27. Be3 Nxe3 28. Rxe3 Rc1+ 0-1

[Event "BRA-ch U18"]
[Site "Florianopolis"]
[Date "2021.07.03"]
[Round "5"]
[White "Bonvini, Alberto Tonhati"]
[Black "Da Silva, Anderson Lemes"]
[Result "1/2-1/2"]
[WhiteElo "1894"]
[BlackElo "1908"]
[PlyCount "69"]
[EventDate "2021.07.01"]
[EventType "swiss"]
[EventRounds "6"]
[EventCountry "BRA"]
[SourceTitle "CBM 203 Extra"]
[Source "ChessBase"]
[SourceDate "2021.09.30"]
[SourceVersion "1"]
[SourceVersionDate "2021.09.30"]
[SourceQuality "1"]

1. e4 d5 2. exd5 Qxd5 3. Nc3 Qa5 4. d4 c6 5. Bc4 Nf6 6. Bd2 Qc7 7. Nge2 Bf5 8. Ng3 Bg6 9. Bg5 e6 10. Qd2 Nbd7 11. f3 Bd6 12. 0-0-0 h6 13. Be3 Nb6 14. Bb3 Nbd5 15. Nge2 Nxe3 16. Qxe3 Nd5 17. Nxd5 cxd5 18. h4 0-0-0 19. Qc3 Kb8 20. Qxc7+ Bxc7 21. c3 Rc8 22. Bc2 Bxc2 23. Kxc2 Bd6 24. Rhf1 g5 25. h5 Rhg8 26. g4 Rc7 27. Kd3 Kc8 28. b3 b5 29. Rc1 Kd7 30. Rc2 a5 31. Ra1 Ba3 32. Ng3 Rgc8 33. Nf1 Bb4 34. Rac1 Ba3 35. Ra1 1/2-1/2

[Event "Timbo op"]
[Site "Timbo"]
[Date "2021.06.13"]
[Round "5"]
[White "Da Silva, Anderson Lemes"]
[Black "Esteche, Caina Rinaldi"]
[Result "1-0"]
[WhiteElo "1890"]
[BlackElo "1608"]
[PlyCount "52"]
[EventDate "2021.06.11"]
[EventType "swiss"]
[EventRounds "6"]
[EventCountry "BRA"]
[SourceTitle "EXT 2022"]
[Source "ChessBase"]
[SourceDate "2021.10.06"]
[SourceVersion "1"]
[SourceVersionDate "2021.10.06"]
[SourceQuality "1"]

1. d4 Nf6 2. c4 c5 3. d5 e6 4. Nc3 exd5 5. cxd5 d6 6. e4 g6 7. Nf3 Bg7 8. Bf4 a6 9. a4 0-0 10. Bd3 Bg4 11. 0-0 Nh5 12. Be3 Nd7 13. Be2 Bxf3 14. Bxf3 f5 15. Bxh5 gxh5 16. exf5 Rxf5 17. Qc2 Qf6 18. Ne4 Qe5 19. Nxd6 Rf6 20. Ne4 Rg6 21. Nxc5 Qxd5 22. Qe4 Qf7 23. Qxb7 Ra7 24. Qxa7 Qf3 25. g3 Ne5 26. Qb8+ Kf7 1-0

[Event "Timbo op"]
[Site "Timbo"]
[Date "2021.06.13"]
[Round "6"]
[White "Feller, Gabriela Luisa Vice"]
[Black "Da Silva, Anderson Lemes"]
[Result "0-1"]
[WhiteElo "1793"]
[BlackElo "1890"]
[PlyCount "108"]
[EventDate "2021.06.11"]
[EventType "swiss"]
[EventRounds "6"]
[EventCountry "BRA"]
[SourceTitle "EXT 2022"]
[Source "ChessBase"]
[SourceDate "2021.10.06"]
[SourceVersion "1"]
[SourceVersionDate "2021.10.06"]
[SourceQuality "1"]

1. d4 d5 2. c4 c6 3. cxd5 cxd5 4. Nf3 Nf6 5. Nc3 a6 6. Bf4 e6 7. e3 Be7 8. a4 Nc6 9. Bd3 0-0 10. 0-0 Nh5 11. Bg3 Nxg3 12. hxg3 Bd7 13. Rc1 Qa5 14. Bb1 Rfc8 15. Ne2 Nb4 16. b3 b5 17. Ne5 Be8 18. axb5 Bxb5 19. Rxc8+ Rxc8 20. f4 Na2 21. Rf2 g6 22. Bxa2 Qxa2 23. Nc3 Qa5 24. Nxb5 Qxb5 25. Rc2 Rxc2 26. Qxc2 Bd6 27. Nd3 Kg7 28. Kf2 h5 29. Nc5 a5 30. Qc3 Be7 31. e4 dxe4 32. Nxe4 Bb4 33. Qe3 Qd5 34. Nc5 Kf8 35. Ne4 Kg7 36. Qd3 Qc6 37. Ng5 Qc1 38. Nf3 Qb2+ 39. Kg1 Bc3 40. Qc4 Bb4 41. d5 exd5 42. Qxd5 Qc1+ 43. Kh2 Qc5 44. Qd7 Qd6 45. Qb5 Qe6 46. Qd3 Qf6 47. Ne5 h4 48. Qf3 Be1 49. gxh4 Qxh4+ 50. Kg1 Bd2 51. g3 Qf6 52. Qd5 Bb4 53. Kg2 Qf5 54. Nc6 Qxd5+ 0-1

[Event "Timbo op"]
[Site "Timbo"]
[Date "2021.06.12"]
[Round "2"]
[White "Boutin Neto, Mauro Albano"]
[Black "Da Silva, Anderson Lemes"]
[Result "0-1"]
[WhiteElo "1525"]
[BlackElo "1890"]
[PlyCount "66"]
[EventDate "2021.06.11"]
[EventType "swiss"]
[EventRounds "6"]
[EventCountry "BRA"]
[SourceTitle "EXT 2022"]
[Source "ChessBase"]
[SourceDate "2021.10.06"]
[SourceVersion "1"]
[SourceVersionDate "2021.10.06"]
[SourceQuality "1"]

1. d4 Nf6 2. Bf4 d5 3. e3 c5 4. c3 Nc6 5. Nf3 Qb6 6. Qb3 c4 7. Qc2 Bf5 8. Qc1 e6 9. Nbd2 Be7 10. Be2 h6 11. Ne5 Nxe5 12. Bxe5 Qc6 13. Nf3 0-0 14. 0-0 b5 15. a4 a6 16. Bxf6 Bxf6 17. Qd2 Rfb8 18. Ra2 b4 19. cxb4 Qb6 20. Rd1 Qxb4 21. Qc3 Qd6 22. Nd2 Qb6 23. Rc1 Be7 24. e4 Bb4 25. Qe3 Bxd2 26. Qxd2 Bxe4 27. Rc3 Qa5 28. Qf4 Rxb2 29. Rxb2 Qxc3 30. Rb7 Qe1+ 31. Bf1 Rf8 32. Rb8 Rxb8 33. Qxb8+ Kh7 0-1

[Event "Timbo op"]
[Site "Timbo"]
[Date "2021.06.11"]
[Round "1"]
[White "Da Silva, Anderson Lemes"]
[Black "Campagnolo, Bruna"]
[Result "1-0"]
[WhiteElo "1890"]
[BlackElo "1270"]
[PlyCount "57"]
[EventDate "2021.06.11"]
[EventType "swiss"]
[EventRounds "6"]
[EventCountry "BRA"]
[SourceTitle "EXT 2022"]
[Source "ChessBase"]
[SourceDate "2021.10.06"]
[SourceVersion "1"]
[SourceVersionDate "2021.10.06"]
[SourceQuality "1"]

1. d4 d5 2. c4 e6 3. Nc3 Nf6 4. cxd5 exd5 5. Bg5 Be6 6. e3 a6 7. Bd3 Bd6 8. Qc2 Nbd7 9. Nge2 c5 10. f3 Qc7 11. Nf4 cxd4 12. Nxe6 fxe6 13. exd4 Bxh2 14. 0-0-0 Bf4+ 15. Bxf4 Qxf4+ 16. Kb1 h6 17. Bg6+ Ke7 18. Rhe1 Rhc8 19. Qe2 Rc6 20. g3 Qc7 21. Rd3 Nf8 22. Bf5 Re8 23. Re3 Kd8 24. Bc2 Kc8 25. Ba4 b5 26. Nxb5 axb5 27. Bxb5 Kd7 28. Rc3 Ke7 29. Rxc6 1-0

[Event "Florianopolis op 7th"]
[Site "Florianopolis"]
[Date "2021.01.24"]
[Round "10"]
[White "Da Silva, Anderson Lemes"]
[Black "Urquiza, Marcello de Albuque"]
[Result "0-1"]
[WhiteElo "1852"]
[BlackElo "2076"]
[PlyCount "76"]
[EventDate "2021.01.18"]
[EventType "swiss"]
[EventRounds "10"]
[EventCountry "BRA"]
[SourceTitle "CBM 200 Extra"]
[Source "ChessBase"]
[SourceDate "2021.03.31"]
[SourceVersion "1"]
[SourceVersionDate "2021.03.31"]
[SourceQuality "1"]

1. d4 d5 2. Nf3 Nf6 3. Bf4 c5 4. e3 e6 5. c3 Nc6 6. Nbd2 Bd6 7. Ne5 0-0 8. Bd3 Qc7 9. Ndf3 b6 10. Bg3 Bb7 11. 0-0 Ne7 12. Nd2 c4 13. Bc2 b5 14. Qe2 Ne4 15. Bxe4 dxe4 16. Qg4 f5 17. Qe2 Nd5 18. f3 Nf6 19. f4 Nd5 20. Bf2 Nb6 21. Rfc1 Bd5 22. a3 Rfc8 23. Nf1 a5 24. Be1 Qe7 25. Qd1 Na4 26. Ra2 Qe8 27. Rca1 Ra7 28. Ng3 Rca8 29. Qc2 Be7 30. Ne2 h6 31. Qd1 g5 32. g3 Qh5 33. Bd2 Bd6 34. Kh1 gxf4 35. exf4 e3+ 36. Kg1 exd2 37. Qxd2 Bxe5 38. dxe5 Qf3 0-1

[Event "Florianopolis op 7th"]
[Site "Florianopolis"]
[Date "2021.01.21"]
[Round "5"]
[White "Medeiros, Francisco de Assis"]
[Black "Da Silva, Anderson Lemes"]
[Result "1/2-1/2"]
[WhiteElo "2122"]
[BlackElo "1852"]
[PlyCount "57"]
[EventDate "2021.01.18"]
[EventType "swiss"]
[EventRounds "10"]
[EventCountry "BRA"]
[SourceTitle "CBM 200 Extra"]
[Source "ChessBase"]
[SourceDate "2021.03.31"]
[SourceVersion "1"]
[SourceVersionDate "2021.03.31"]
[SourceQuality "1"]

1. d4 d5 2. c4 c6 3. Nf3 Nf6 4. cxd5 cxd5 5. Nc3 a6 6. Bf4 e6 7. e3 Bd6 8. Bxd6 Qxd6 9. Bd3 0-0 10. 0-0 b5 11. a4 b4 12. Ne2 a5 13. Rc1 Nbd7 14. Nf4 Ba6 15. Qe2 Ne4 16. Bxa6 Rxa6 17. Ne5 Nxe5 18. dxe5 Qb6 19. f3 Nc5 20. Nh5 Raa8 21. f4 Ne4 22. Ng3 Nxg3 23. hxg3 Rac8 24. Kf2 Rc5 25. Rxc5 Qxc5 26. Rd1 Rc8 27. Kf3 g6 28. e4 dxe4+ 29. Qxe4 1/2-1/2

[Event "Sao Bento do Sul op 4th"]
[Site "Sao Bento do Sul"]
[Date "2020.11.02"]
[Round "6"]
[White "De Oliveira, Guilherme Alfredo B"]
[Black "Da Silva, Anderson Lemes"]
[Result "0-1"]
[WhiteElo "1964"]
[BlackElo "1883"]
[PlyCount "64"]
[EventDate "2020.10.31"]
[EventType "swiss"]
[EventRounds "6"]
[EventCountry "BRA"]
[SourceTitle "EXT 2022"]
[Source "ChessBase"]
[SourceDate "2021.10.06"]
[SourceVersion "1"]
[SourceVersionDate "2021.10.06"]
[SourceQuality "1"]

1. Nf3 Nf6 2. c4 e6 3. b3 b6 4. Bb2 Bb7 5. e3 Be7 6. Be2 0-0 7. Qc2 c5 8. Ng5 Re8 9. h4 d5 10. Bh5 g6 11. Bf3 Bf8 12. h5 Bg7 13. hxg6 hxg6 14. Nc3 Nc6 15. cxd5 Nb4 16. Qb1 Nbxd5 17. Ne2 Qd7 18. a3 Rad8 19. Qc2 Ba6 20. Rd1 e5 21. Nc3 Nc7 22. Nce4 Bd3 23. Qc3 Nb5 24. Qc1 Nd6 25. Nxf6+ Bxf6 26. Nh3 Qf5 27. Be2 Ne4 28. g4 Qe6 29. Bxd3 Rxd3 30. Qc4 Qxc4 31. bxc4 Red8 32. f3 Bh4+ 0-1

[Event "Sao Paulo Carnaval op"]
[Site "Sao Paulo"]
[Date "2020.02.25"]
[Round "7"]
[White "Da Silva, Anderson Lemes"]
[Black "Pereira, Geanfrancesco"]
[Result "1-0"]
[WhiteElo "1833"]
[BlackElo "2034"]
[PlyCount "103"]
[EventDate "2020.02.22"]
[EventType "swiss"]
[EventRounds "7"]
[EventCountry "BRA"]
[SourceTitle "CBM 195 Extra"]
[Source "ChessBase"]
[SourceDate "2020.05.31"]
[SourceVersion "1"]
[SourceVersionDate "2020.05.31"]
[SourceQuality "1"]

1. d4 Nf6 2. Bf4 g6 3. Nf3 Bg7 4. e3 d6 5. Be2 Nbd7 6. 0-0 0-0 7. Nbd2 Re8 8. c3 e5 9. Bg3 e4 10. Ne1 Nf8 11. Nc2 h5 12. f3 d5 13. fxe4 Nxe4 14. Nxe4 Rxe4 15. Bd3 Re8 16. Qf3 f5 17. c4 Be6 18. c5 a5 19. Qf4 c6 20. Rfb1 b6 21. b4 axb4 22. Nxb4 bxc5 23. Nxc6 Qc8 24. Bb5 Bd7 25. Qd6 Rxe3 26. Be5 Qe8 27. Bxg7 Kxg7 28. Ne5 Rd8 29. Bxd7 cxd4 30. Bxe8 Rxd6 31. Rb7+ Kf6 32. Nd7+ Kg5 33. Nxf8 Rxe8 34. Nd7 Rc6 35. Rb2 d3 36. Rd1 Rc2 37. Rd2 Rxb2 38. Rxb2 Kf4 39. Kf2 Rc8 40. Rb4+ Rc4 41. Rxc4+ dxc4 42. Nc5 Ke5 43. Ke3 f4+ 44. Kd2 Kd4 45. Ne6+ Ke4 46. Ng5+ Kd5 47. Nf3 h4 48. Kc3 h3 49. gxh3 Ke4 50. Nd2+ Ke3 51. Nxc4+ Ke2 52. Nd2 1-0

[Event "Florianopolis op 6th"]
[Site "Florianopolis"]
[Date "2020.01.25"]
[Round "8"]
[White "Da Silva, Anderson Lemes"]
[Black "Calcada, Lucas Galvan"]
[Result "1-0"]
[WhiteElo "1788"]
[BlackElo "1496"]
[PlyCount "133"]
[EventDate "2020.01.20"]
[EventType "swiss"]
[EventRounds "10"]
[EventCountry "BRA"]
[SourceTitle "CBM 194 Extra"]
[Source "ChessBase"]
[SourceDate "2020.03.31"]
[SourceVersion "1"]
[SourceVersionDate "2020.03.31"]
[SourceQuality "1"]

1. d4 Nf6 2. c4 g6 3. Nc3 Bg7 4. e4 d6 5. f3 0-0 6. Bg5 Nbd7 7. Qd2 c5 8. Nge2 cxd4 9. Nxd4 Qb6 10. Be3 Qd8 11. Be2 Ne5 12. 0-0 a6 13. Rac1 Bd7 14. a3 Rc8 15. b3 Qa5 16. Nc2 b5 17. Nd5 Qxd2 18. Nxe7+ Kh8 19. Bxd2 Rce8 20. Nd5 Nxd5 21. cxd5 f5 22. Nb4 fxe4 23. fxe4 Rxf1+ 24. Rxf1 a5 25. Nd3 Nxd3 26. Bxd3 a4 27. bxa4 bxa4 28. Bb4 Be5 29. Rf7 Rd8 30. h3 Kg8 31. Rf1 Rc8 32. Rb1 Kf7 33. Bd2 Rc7 34. Kf2 Bd4+ 35. Ke2 Bc5 36. Ba5 Ra7 37. Bb4 Bxb4 38. Rxb4 Kf6 39. Ke3 Ke5 40. Rb8 Rc7 41. Rd8 Rb7 42. Bc4 Rc7 43. Kd3 Rb7 44. Rh8 Bb5 45. Bxb5 Rxb5 46. Re8+ Kf4 47. Kd4 Rb3 48. Re6 Rxa3 49. Rxd6 Ra1 50. Rf6+ Kg5 51. Ke5 a3 52. Ra6 a2 53. d6 Rb1 54. Rxa2 Rb5+ 55. Ke6 Rb6 56. Ke7 Rxd6 57. Kxd6 Kf4 58. e5 Kf5 59. e6 Kf4 60. e7 Ke4 61. e8Q+ Kd4 62. Ra4+ Kd3 63. Qe4+ Kc3 64. Qb4+ Kd3 65. Ra3+ Ke2 66. Qb2+ Kf1 67. Ra1# 1-0

[Event "Florianopolis op 6th"]
[Site "Florianopolis"]
[Date "2020.01.25"]
[Round "9"]
[White "Pertuzatti, Daniel"]
[Black "Da Silva, Anderson Lemes"]
[Result "1-0"]
[WhiteElo "1937"]
[BlackElo "1788"]
[PlyCount "55"]
[EventDate "2020.01.20"]
[EventType "swiss"]
[EventRounds "10"]
[EventCountry "BRA"]
[SourceTitle "CBM 194 Extra"]
[Source "ChessBase"]
[SourceDate "2020.03.31"]
[SourceVersion "1"]
[SourceVersionDate "2020.03.31"]
[SourceQuality "1"]

1. e4 d5 2. exd5 Qxd5 3. Nc3 Qa5 4. d4 c6 5. Bc4 Nf6 6. Nge2 Bf5 7. Bd2 Qd8 8. Ng3 Bg6 9. Be3 e6 10. h4 h6 11. Qd2 Nbd7 12. 0-0-0 Bd6 13. Rhe1 Qc7 14. d5 Ne5 15. Bb3 cxd5 16. Bd4 a6 17. Qe2 Ned7 18. h5 Bh7 19. Bxd5 0-0-0 20. Bf3 Bxg3 21. fxg3 Qxg3 22. Qc4+ Qc7 23. Qb3 Rhe8 24. Re3 Kb8 25. Na4 Nd5 26. Rde1 Nxe3 27. Rxe3 Nf6 28. Be5 1-0

[Event "Florianopolis op 6th"]
[Site "Florianopolis"]
[Date "2020.01.23"]
[Round "5"]
[White "De Souza Sa, Apolo"]
[Black "Da Silva, Anderson Lemes"]
[Result "1-0"]
[WhiteElo "1976"]
[BlackElo "1788"]
[PlyCount "81"]
[EventDate "2020.01.20"]
[EventType "swiss"]
[EventRounds "10"]
[EventCountry "BRA"]
[SourceTitle "CBM 194 Extra"]
[Source "ChessBase"]
[SourceDate "2020.03.31"]
[SourceVersion "1"]
[SourceVersionDate "2020.03.31"]
[SourceQuality "1"]

1. d4 Nf6 2. c4 e6 3. Nf3 b6 4. g3 Bb7 5. Bg2 Bb4+ 6. Nbd2 0-0 7. 0-0 Be7 8. Qc2 d5 9. b3 Nbd7 10. Bb2 c6 11. Rfd1 Rc8 12. Rac1 Re8 13. Ne5 Nxe5 14. dxe5 Nd7 15. e4 Bb4 16. Nf1 Qg5 17. Kh1 Qh5 18. a3 Be7 19. f4 Red8 20. b4 dxc4 21. Qxc4 c5 22. bxc5 Nf8 23. Ne3 h6 24. Qf1 Qg6 25. f5 Qg5 26. Qf2 h5 27. Nc4 exf5 28. exf5 Bxg2+ 29. Kxg2 f6 30. e6 Qg4 31. Re1 h4 32. Rc3 h3+ 33. Kf1 Rd5 34. Rf3 Rcd8 35. Ne3 Qa4 36. Nxd5 Rxd5 37. Qe2 Nh7 38. Rf4 Qb3 39. Rf3 Qa4 40. Qe4 Qxe4 41. Rxe4 1-0

[Event "Parana-ch"]
[Site "Maringa"]
[Date "2019.12.12"]
[Round "2"]
[White "Da Silva, Anderson Lemes"]
[Black "Chemin, Vitorio"]
[Result "0-1"]
[WhiteElo "1787"]
[BlackElo "2169"]
[PlyCount "67"]
[EventDate "2019.12.12"]
[EventType "swiss"]
[EventRounds "7"]
[EventCountry "BRA"]
[SourceTitle "CBM 193 Extra"]
[Source "ChessBase"]
[SourceDate "2020.01.31"]
[SourceVersion "1"]
[SourceVersionDate "2020.01.31"]
[SourceQuality "1"]

1. d4 d5 2. c4 c6 3. cxd5 cxd5 4. Nc3 Nf6 5. Bf4 e6 6. e3 a6 7. Nf3 Be7 8. h3 0-0 9. Bd3 b5 10. a3 Bb7 11. 0-0 Nbd7 12. Qe2 Qb6 13. b4 Rfc8 14. Rfc1 Rc6 15. Rc2 Rac8 16. Rac1 h6 17. Nd2 Qa7 18. Nb3 Bd8 19. Nc5 Nxc5 20. dxc5 Ba8 21. Nb1 Bc7 22. Bxc7 R6xc7 23. Nd2 e5 24. e4 Qb7 25. Re1 Re8 26. exd5 Qxd5 27. f3 Qd4+ 28. Qe3 Qh4 29. Be4 Bxe4 30. Nxe4 Nxe4 31. Qxe4 Qxe4 32. Rxe4 f5 33. Re3 Rd7 34. Rd2 0-1

[Event "BRA-ch Amateur U2000"]
[Site "Sao Paulo"]
[Date "2019.06.22"]
[Round "5"]
[White "Leon Lopes, Sergio Amadeus"]
[Black "Da Silva, Anderson Lemes"]
[Result "1-0"]
[WhiteElo "1873"]
[BlackElo "1751"]
[PlyCount "53"]
[EventDate "2019.06.20"]
[EventType "swiss"]
[EventRounds "7"]
[EventCountry "BRA"]
[SourceTitle "EXT 2020"]
[Source "ChessBase"]
[SourceDate "2019.10.17"]
[SourceVersion "1"]
[SourceVersionDate "2019.10.17"]
[SourceQuality "1"]

1. c4 Nf6 2. Nc3 e6 3. e4 c5 4. e5 Ng8 5. Nf3 Nc6 6. d4 cxd4 7. Nxd4 Nxe5 8. Ndb5 a6 9. Nd6+ Bxd6 10. Qxd6 Ng6 11. Be3 N8e7 12. Bb6 Nf5 13. Bxd8 Nxd6 14. Bc7 Nf5 15. c5 0-0 16. 0-0-0 Nfe7 17. Na4 Nc6 18. Nb6 Ra7 19. Be2 Nge7 20. Rd2 Re8 21. Bf3 Nf5 22. Be4 Nfd4 23. Bxc6 bxc6 24. Nxc8 Rxc7 25. Nd6 Nb3+ 26. axb3 Rb8 27. Kc2 1-0

[Event "BRA-ch Amateur U2000"]
[Site "Sao Paulo"]
[Date "2019.06.21"]
[Round "3"]
[White "Castro Silva, Alex"]
[Black "Da Silva, Anderson Lemes"]
[Result "0-1"]
[WhiteElo "1928"]
[BlackElo "1751"]
[PlyCount "64"]
[EventDate "2019.06.20"]
[EventType "swiss"]
[EventRounds "7"]
[EventCountry "BRA"]
[SourceTitle "EXT 2020"]
[Source "ChessBase"]
[SourceDate "2019.10.17"]
[SourceVersion "1"]
[SourceVersionDate "2019.10.17"]
[SourceQuality "1"]

1. e4 c5 2. Nf3 e6 3. d3 g6 4. Bg5 Qb6 5. Qc1 Bg7 6. c3 Nc6 7. g3 Nge7 8. Bg2 0-0 9. 0-0 d6 10. Nbd2 e5 11. Nc4 Qc7 12. Bh6 f5 13. Bxg7 Kxg7 14. Rd1 f4 15. h3 fxg3 16. fxg3 Bxh3 17. Nfxe5 Bxg2 18. Nxc6 Bf3 19. Nxe7 Qxe7 20. Rf1 b5 21. Ne3 Qe5 22. Qe1 Qh5 23. Ng2 Qh3 24. Qd2 Qxg3 25. Rae1 Rf6 26. Qf2 Qh3 27. e5 dxe5 28. Rxe5 Raf8 29. Re7+ Kh8 30. Re3 Bxg2 31. Rxh3 Rxf2 32. Rxf2 Rxf2 0-1

[Event "BRA-ch Amateur U2000"]
[Site "Sao Paulo"]
[Date "2019.06.21"]
[Round "4"]
[White "Da Silva, Anderson Lemes"]
[Black "Lisboa Torres, Eduardo"]
[Result "1/2-1/2"]
[WhiteElo "1751"]
[BlackElo "1889"]
[PlyCount "68"]
[EventDate "2019.06.20"]
[EventType "swiss"]
[EventRounds "7"]
[EventCountry "BRA"]
[SourceTitle "EXT 2020"]
[Source "ChessBase"]
[SourceDate "2019.10.17"]
[SourceVersion "1"]
[SourceVersionDate "2019.10.17"]
[SourceQuality "1"]

1. d4 Nf6 2. Nf3 g6 3. Bf4 Bg7 4. e3 0-0 5. Be2 d5 6. 0-0 c5 7. c3 Qb6 8. Qc1 Nbd7 9. Nbd2 Re8 10. Ne5 Nxe5 11. Bxe5 Nd7 12. Bxg7 Kxg7 13. dxc5 Nxc5 14. c4 dxc4 15. Nxc4 Qc7 16. b4 Na4 17. Na5 Qe5 18. Bf3 Rb8 19. Qc2 b5 20. Nc6 Qc7 21. Rac1 Rb6 22. Qd2 Qd7 23. Qxd7 Bxd7 24. Nxa7 Ra6 25. Rc7 Nb6 26. Bc6 Bxc6 27. Rxc6 Rxa7 28. Rxb6 Rxa2 29. Rxb5 Rea8 30. g3 Rb2 31. Rb7 e6 32. Kg2 Ra4 33. b5 Ra5 34. b6 Rab5 1/2-1/2

[Event "BRA-ch Amateur U2000"]
[Site "Sao Paulo"]
[Date "2019.06.20"]
[Round "1"]
[White "Gambale, Eduardo de Aquino"]
[Black "Da Silva, Anderson Lemes"]
[Result "1-0"]
[WhiteElo "1980"]
[BlackElo "1751"]
[PlyCount "37"]
[EventDate "2019.06.20"]
[EventType "swiss"]
[EventRounds "7"]
[EventCountry "BRA"]
[SourceTitle "EXT 2020"]
[Source "ChessBase"]
[SourceDate "2019.10.17"]
[SourceVersion "1"]
[SourceVersionDate "2019.10.17"]
[SourceQuality "1"]

1. e4 d5 2. exd5 Qxd5 3. Nc3 Qa5 4. d4 c6 5. Nf3 Nf6 6. Ne5 Bf5 7. Bd2 Qb6 8. Qf3 Bxc2 9. Bc4 e6 10. Qe2 Nd5 11. Bxd5 cxd5 12. Rc1 Bg6 13. Nxd5 Qd8 14. Nc7+ Ke7 15. Bb4+ Kf6 16. Ng4+ Kg5 17. h4+ Kh5 18. Nf6+ Kh6 19. Bd2# 1-0

[Event "Londrina op U2200 1st"]
[Site "Londrina"]
[Date "2019.03.02"]
[Round "2"]
[White "Ferreira, Julia Cristine"]
[Black "Da Silva, Anderson Lemes"]
[Result "0-1"]
[WhiteElo "1350"]
[BlackElo "1743"]
[PlyCount "98"]
[EventDate "2019.03.01"]
[EventType "swiss"]
[EventRounds "5"]
[EventCountry "BRA"]
[SourceTitle "EXT 2020"]
[Source "ChessBase"]
[SourceDate "2019.10.17"]
[SourceVersion "1"]
[SourceVersionDate "2019.10.17"]
[SourceQuality "1"]

1. d4 Nf6 2. c4 e5 3. dxe5 Ng4 4. Nf3 Bc5 5. e3 Nc6 6. Be2 Ngxe5 7. Nxe5 Nxe5 8. Nd2 0-0 9. Nf3 Ng6 10. 0-0 d6 11. b3 a5 12. Bb2 a4 13. Qc2 Bb4 14. Bd4 Qe7 15. h3 Nh4 16. Kh1 Nxf3 17. Bxf3 Qh4 18. Qe4 Qh6 19. Qf4 Qg6 20. Qe4 f5 21. Qh4 a3 22. Rac1 c6 23. Qh5 Qxh5 24. Bxh5 Be6 25. Rfd1 d5 26. Be2 f4 27. cxd5 Bxd5 28. Bc4 Rad8 29. Bxd5+ Rxd5 30. e4 Rd6 31. Bb6 Rff6 32. e5 Rxd1+ 33. Rxd1 Re6 34. Bd4 c5 35. Ba1 Kf7 36. Rd7+ Re7 37. Rd5 Ke6 38. Rd6+ Kf5 39. g4+ fxg3 40. fxg3 Ke4 41. Kg2 Ba5 42. Rd1 Bc7 43. Re1+ Kd5 44. Rd1+ Ke6 45. Re1 Rd7 46. Bc3 Rd3 47. Ba1 Rd2+ 48. Kf3 Rxa2 49. Kf4 Rxa1 0-1

[Event "Londrina op U2200 1st"]
[Site "Londrina"]
[Date "2019.03.01"]
[Round "1"]
[White "Da Silva, Anderson Lemes"]
[Black "Monteiro, Helen Ramazzotte"]
[Result "1-0"]
[WhiteElo "1743"]
[BlackElo "1158"]
[PlyCount "57"]
[EventDate "2019.03.01"]
[EventType "swiss"]
[EventRounds "5"]
[EventCountry "BRA"]
[SourceTitle "EXT 2020"]
[Source "ChessBase"]
[SourceDate "2019.10.17"]
[SourceVersion "1"]
[SourceVersionDate "2019.10.17"]
[SourceQuality "1"]

1. d4 d5 2. Nf3 Nf6 3. Bf4 e6 4. e3 a6 5. Be2 Be7 6. h3 Nbd7 7. 0-0 0-0 8. Nbd2 c5 9. c3 b6 10. Re1 Bb7 11. Bd3 Ne4 12. Ne5 Nxe5 13. Bxe5 Bh4 14. Bxe4 dxe4 15. Qg4 Qg5 16. Qxg5 Bxg5 17. Nc4 b5 18. Na5 Bd5 19. Bd6 Rfe8 20. Bxc5 e5 21. Red1 exd4 22. Rxd4 Rad8 23. Bb6 Rb8 24. Rxd5 Rxb6 25. Rxg5 Rd6 26. Nb3 g6 27. Rc5 Kg7 28. Nd4 Kf6 29. a4 1-0

[Event "Caioba Telecom op"]
[Site "Caioba"]
[Date "2018.08.03"]
[Round "6"]
[White "Da Silva, Anderson Lemes"]
[Black "Correa, Jose Augusto"]
[Result "1/2-1/2"]
[WhiteElo "1699"]
[BlackElo "1951"]
[PlyCount "50"]
[EventDate "2018.08.01"]
[EventType "swiss"]
[EventRounds "9"]
[EventCountry "BRA"]
[SourceTitle "CBM 186 Extra"]
[Source "ChessBase"]
[SourceDate "2018.08.24"]
[SourceVersion "1"]
[SourceVersionDate "2018.08.24"]
[SourceQuality "1"]

1. d4 d5 2. Bf4 Nf6 3. Nf3 Nbd7 4. e3 e6 5. Be2 Bd6 6. Bxd6 cxd6 7. c3 0-0 8. 0-0 Ne4 9. Nbd2 f5 10. Ne1 Qg5 11. Nc2 Rf6 12. Nxe4 dxe4 13. f3 Rg6 14. Rf2 exf3 15. Bxf3 Nf6 16. Qd3 Bd7 17. e4 fxe4 18. Bxe4 Nxe4 19. Qxe4 Bc6 20. Qe3 Rf8 21. Qxg5 Rxg5 22. Raf1 Rf6 23. Ne3 Kf7 24. Rxf6+ gxf6 25. Kf2 h5 1/2-1/2